01498nam a22003737a 4500003000500000005001700005008004100022010001000063011001000073035001000083040000900093090001000102100003900112245012900151260004000280300001100320502008300331590003700414590004100451590004100492590004100533590004200574650004200616650001800658650002000676700003600696901000700732942000900739949004300748949005500791999001700846952013300863952012800996CHAP20250924091956.0971013s1995 r 00010 d a43976 a44948 a49087 cCHAP aTesis10aVelarde Espino, J. Jesús9118361 aEstudio de factibilidad técnico-económica para la instalación de una planta de derivados lácteos en Acámbaro, Gto. aChapingo, Méx. :bEl autor,c1995 a116 h. aTesis (Ing. Agroindustrial) -- UACH. Departamento de Ingenieria Agroindustrial aALEPHb10c20130110lUCH01h1313 aBATCH-UPDb10c20130110lUCH01h1111 aBATCH-UPDb10c20130410lUCH01h0703 aBATCH-UPDb10c20130914lUCH01h1635 aCONVERSIONb10c20130109lUCH01h132414aIndustria lecheraxGuanajuato.95783814aQueso.99322114aYogurt.91231611 aRamírez García, Juan994012 aBK cFOLL bBCcTESd-110842eTS1h30464i49087si bBCcTESd33724000005617eTS2fc.2h30465i49087si c43976d43976 00102local4053708TESISaBCbBCcPA_TESISd2019-12-31fTESISl0p33724000005617r2019-12-31 00:00:00tc.2w2019-12-31yTESIS 00102local4051708TESISaBCbBCcPA_TESISd2019-12-31fTESISl0oTesisp-110842r2019-12-31 00:00:00w2019-12-31yTESIS